000 01691nam0a2200337 4500
001 RU\NLR\bibl\1294325
005 20260607053825.0
010 _a978-5-9298-0317-8
_950
021 _aRU
_b2008-76974
_94453
035 _a(NLR Aleph) 001279965
090 _a492727
_c492727
100 _a20081113d2007 |||y0rusy50 ca
101 0 _arus
102 _aRU
105 _ay |||||||||
200 1 _aПроза С.А. Клычкова в контексте русской классики XIX века
_eмонография
_fН.В. Кудрявкина
_gФедер. агентство по образованию, Гос. образоват. учреждение высш. проф. образования "Мичурин. гос. пед. ин-т"
210 _aМичуринск
_cМГПИ
_d2007
215 _a252 с.
_d21
320 _aБиблиогр. в примеч.: с. 244-252
600 1 _aКлычков
_bС. А.
_f1889 - 1937
_gСергей Антонович
_xи русская литература
_92547116
_3RU\NLR\auth\661507498
604 _1200#1$aКлычков$bС. А.$gСергей Антонович$f1889 - 1937
_12350#$aПроза
_aКлычков, Сергей Антонович (1889 - 1937)
_tПроза
_3RU\NLR\AUTH\661507499
_92547117
686 _aШ5(2=Р)7-4Клычков
686 _aШ5(2=Р)5-317
700 1 _aКудрявкина
_bН. В.
_gНаталья Владимировна
_4070
702 1 _4570
_7ca
_8rus
_aКлычков
_bС. А.
_f1889-1937
_gСергей Антонович
_918606
_3RU\NLR\auth\7735609
801 0 _aRU
_bNLR
_c20081113
_gRCR
801 1 _aRU
_bNLR
_c20081113
942 _cBOOK
980 _aNB
980 _aNBR